|
|
|
|
| LEADER |
00792nam a22002532i 4500 |
| 001 |
001515912 |
| 003 |
CZ BrMZK |
| 005 |
20160315091139.0 |
| 007 |
ta |
| 008 |
160311s1988 xr a er|||||||||||cze d |
| 040 |
|
|
|a BOA001
|b cze
|e rda
|
| 080 |
9 |
|
|a 084.1(02.053.2)
|
| 100 |
1 |
|
|a Holý, Stanislav,
|d 1943-1998
|7 jk01041874
|4 aut
|4 ill
|
| 245 |
1 |
0 |
|a Jů, hele, neděle! /
|c nakreslil Stanislav Holý
|
| 250 |
|
|
|a 1. vydání
|
| 264 |
|
1 |
|a Praha :
|b Panorama,
|c 1988
|
| 300 |
|
|
|a 1 svazek (nestránkováno) :
|b ilustrace
|
| 336 |
|
|
|a text
|b txt
|2 rdacontent
|
| 337 |
|
|
|a bez média
|b n
|2 rdamedia
|
| 338 |
|
|
|a svazek
|b nc
|2 rdacarrier
|
| 910 |
|
|
|a BOA001
|b M2-0938.117
|
| 990 |
|
|
|a BK
|
| 991 |
|
|
|b 201603
|
| 996 |
6 |
|
|b 2619150361
|c M2-0938.117
|l MZK
|r Sklad / do 24 hodin
|n 1
|w 001551225
|u 000010
|a 1
|e BOA001
|j MZK50
|s P
|